| 000 | 00354nam a22001337a 4500 | ||
|---|---|---|---|
| 082 |
_a629.25 _bKUN _cL-17, P-4 |
||
| 100 |
_aJuns, Ray F _944413 |
||
| 245 |
_aAutomobile engines _cRay F.Kuns |
||
| 260 |
_aLondon _bThe Technical Pres Ltd _c1950 |
||
| 300 | _a732 p. : | ||
| 526 |
_a0 _b0 _c0 _d629_250000000000000_KUN |
||
| 650 |
_aMCE _9379 |
||
| 942 |
_2ddc _cBK |
||
| 999 |
_c548206 _d548206 |
||